Pays frontaliers de la Serbie - Statistiques

Statistiques générales
  • Ce quiz a été pris 74 fois
  • Le résultat moyen est 8 sur 8
Statistiques - réponses
Pays % Correct
Monténégro
97%
Bosnie-Herzégovine
96%
Croatie
96%
Macédoine du Nord
96%
Kosovo
95%
Bulgarie
93%
Hongrie
92%
Roumanie
92%
Aucun quiz correspondant
Distribution des résultats
% des personnes avec chaque résultat
Percentile par nombre de réponses
Votre historique - résultats
Vous n’avez pas pris ce quiz